000 00728cam a22002174a 4500
005 20260428165522.0
008 100804s2010 enk b 001 0 eng
020 _a9780521760485
_qhbk.
020 _a9780521760485
_qhbk.
041 _aeng
082 0 4 _a341.67 cul
100 1 _aCullen, Anthony,
245 1 4 _aThe concept of non-international armed conflict in international humanitarian law /
_cby Anthony Cullen.
260 _aCambridge :
_bCambridge University Press,
_c2010.
300 _a 219 p. ;
_c24 cm.
490 1 _aCambridge studies in international and comparative law
504 _aIncludes bibliographical references and index.
650 0 _aHumanitarian law.
650 0 _aCivil war.
942 _cENGLISH
999 _c620296
_d620296